Online
Catalog

Esterotipos sexuales, matrimonio, divorcio y salud mental / (Record no. 24942)

MARC details
000 -CABECERA
campo de control de longitud fija 00663nam a2200181 a 4500
001 - NÚMERO DE CONTROL
campo de control 000025450
005 - FECHA Y HORA DE LA ÚLTIMA TRANSACCIÓN
campo de control 20200930023810.0
008 - DATOS DE LONGITUD FIJA--INFORMACIÓN GENERAL
campo de control de longitud fija 110216s1978 ve r 000 0 spa d
040 ## - FUENTE DE LA CATALOGACIÓN
Centro catalogador/agencia de origen DO-SdBNP
Lengua de catalogación spa
Centro/agencia transcriptor BNPHU
082 ## - NÚMERO DE LA CLASIFICACIÓN DECIMAL DEWEY
Número de clasificación NNN
Número de documento/Ítem M778e
049 ## - FONDOS LOCALES (OCLC)
Fondos de biblioteca BNGR
100 1# - ENTRADA PRINCIPAL--NOMBRE DE PERSONA
Nombre de persona Montero, Nancy
9 (RLIN) 52063
245 10 - MENCIÓN DE TÍTULO
Título Esterotipos sexuales, matrimonio, divorcio y salud mental /
Mención de responsabilidad, etc. Montero, Nancy.
260 ## - PUBLICACIÓN, DISTRIBUCIÓN, ETC.
Lugar de publicación, distribución, etc. Caracas, [Venezuela] :
Nombre del editor, distribuidor, etc. Ediciones de la Facultad de Humanidades y Educación, Escuela de Psicología, Universidad Central de Venezuela,
Fecha de publicación, distribución, etc. 1978.
300 ## - DESCRIPCIÓN FÍSICA
Extensión 162, [2] p. ;
Dimensiones 23 cm.
500 ## - NOTA GENERAL
Nota general Incluye notas al pie de las páginas
504 ## - NOTA DE BIBLIOGRAFÍA, ETC.
Nota de bibliografía, etc. Incluye bibliografía

No items available.

Powered by Koha